Video Game Characters By Picture - D - Statistics

General Stats
  • This quiz has been taken 184 times
    173 since last reset
  • The average score is 10 of 16
Answer Stats
Picture Answer % Correct
Donkey Kong
99%
Diddy Kong
89%
Princess {Daisy}
88%
King {Dice}
81%
Crazy {Dave}
79%
King {Dedede}
67%
D.Va
65%
Doomguy
61%
Duke Nukem
61%
Dante
55%
Dracula
55%
Lady {Dimitrescu}
51%
Dutch Van Der Linde
45%
The Last {Dragonborn}
45%
Daxter
35%
Sir {Daniel Fortesque}
11%
No matching quizzes found
Score Distribution
Percent of People with Each Score
Percentile by Number Answered
Your Score History
You have not taken this quiz since the last reset